ARRUPE JESUIT UNIVERSITY

CORONAVIRUS -STOP THE SPREAD - CLEAN,DISINFECT,COVER

The Zimbabwean Constitutional Issue (Record no. 122473)

MARC details
000 -LEADER
fixed length control field 00519nam a22001337a 4500
008 - FIXED-LENGTH DATA ELEMENTS--GENERAL INFORMATION
fixed length control field 150324b xxu||||| |||| 00| 0 eng d
050 ## - LIBRARY OF CONGRESS CALL NUMBER
Classification number JQ2923.5.C543
100 ## - MAIN ENTRY--PERSONAL NAME
Personal name Chizikani, Augustine Runesu
9 (RLIN) 16464
245 ## - TITLE STATEMENT
Title The Zimbabwean Constitutional Issue
Remainder of title reflections on Constitutions, constitutionalism, peace and development
Statement of responsibility, etc Augustine Runesu Chizikani
260 ## - PUBLICATION, DISTRIBUTION, ETC. (IMPRINT)
Place of publication, distribution, etc Harare
Name of publisher, distributor, etc Consultancy Centre
Date of publication, distribution, etc 2015
300 ## - PHYSICAL DESCRIPTION
Extent vii, 253p. ;
Dimensions 21cm.
650 ## - SUBJECT ADDED ENTRY--TOPICAL TERM
Topical term or geographic name as entry element Constitution
General subdivision commentaries
Geographic subdivision Zimbabwe
9 (RLIN) 16465
942 ## - ADDED ENTRY ELEMENTS (KOHA)
Source of classification or shelving scheme Library of Congress Classification
Item type Monograph ( Printed materials)
Holdings
Withdrawn status Lost status Source of classification or shelving scheme Damaged status Not for loan Collection code Home library Current library Shelving location Date acquired Total Checkouts Full call number Barcode Date last seen Date last borrowed Price effective from Koha item type Copy number
    Library of Congress Classification     Main Collection ARRUPE LIBRARY ARRUPE LIBRARY Main Collection 24/03/2015 1 JQ2923.5.C543 46500002662 23/09/2019 11/09/2019 24/03/2015 Monograph ( Printed materials)  
    Library of Congress Classification     Main Collection ARRUPE LIBRARY ARRUPE LIBRARY Main Collection 20/10/2020   JQ2923.5.C543 46600008086 20/10/2020   20/10/2020 Monograph ( Printed materials) 2

 

Arrupe Library. PO Box MP320 Mt Pleasant, Harare, Zimbabwe
263 242 745411|librarian@aju.ac.zw